|
|
|
|
| LEADER |
00000nab a2200000ua 4500 |
| 001 |
vtls010849877 |
| 003 |
SK-MaSNL |
| 005 |
20260303103232.0 |
| 008 |
230121s2008 xo |||||||||||||||||slo| |
| 035 |
|
|
|a (urnnbn)urn:nbn:sk:snk:ar-a07a1u
|
| 035 |
|
|
|a urn:nbn:sk:snk-ab6ah3
|
| 035 |
|
|
|a (uuid)1bafc515-0b89-46eb-99dd-03fb7949fab2
|
| 040 |
|
|
|a SNKBUCL
|b slo
|c SNKBUCL
|e AACR2
|
| 041 |
0 |
|
|a slo
|
| 044 |
|
|
|a xo
|c SK
|
| 100 |
1 |
|
|a Ikrinský, Alexander
|4 aut
|9 7865
|
| 245 |
1 |
0 |
|a Strážcovia odstupu
|c Alexander Ikrinský
|
| 773 |
0 |
|
|t Fleet : firemné automobily : špecializovaný štvrťročník pre správu a riadenie automobilových parkov v Slovenskej republike
|g Roč. 2, č. 1 (2008), s. 38-40
|
| 954 |
|
|
|a odborná, vedecká literatúra pôvodná (slovenská)
|2 lita
|
| 958 |
|
|
|a OND
|
| 958 |
|
|
|a EUIPO
|
| 958 |
|
|
|a article5
|
| 999 |
|
|
|c 1848413
|d 1850343
|